The TRENDadvisor guide to breakthrough profits : A proven system for building wealth in the stock market

Kaydedildi:
Detaylı Bibliyografya
Yazar:  Dukas, Chuck
Materyal Türü: Sách
Dil:Undetermined
Baskı/Yayın Bilgisi:  Wiley  2006
Konular:
Etiketler: Etiketle
Etiket eklenmemiş, İlk siz ekleyin!
Thư viện lưu trữ: Trung tâm Thư viện - Trường Đại học Công nghiệp TP. Hồ Chí Minh
LEADER 00532nam a2200157Ia 4500
001 UIH_07151
008 231011s9999 xx 000 0 und d
082 |a  332.6322 
100 |a  Dukas, Chuck 
245 0 |a  The TRENDadvisor guide to breakthrough profits : A proven system for building wealth in the stock market 
245 0 |c  Dukas, Chuck 
260 |b  Wiley 
260 |c  2006 
650 |a  Cổ phiếu;  
927 |a Sách 
980 |a Trung tâm Thư viện - Trường Đại học Công nghiệp TP. Hồ Chí Minh